Management ve zdravotnictví

Enregistré dans:
Détails bibliographiques
Auteur principal: Gladkij, Ivan
Format: Livre
Langue:tchèque
Publié: Brno Computer Press 2003
Collection:Praxe manažera
Sujets:
Tags: Ajouter un tag
Pas de tags, Soyez le premier à ajouter un tag!

MARC

LEADER 00000nam$a2200000$$$4500
001 0002353
005 20240306141507.8
020 |a 80-7226-996-8 
041 0 |a cze 
044 |a CZ 
245 1 0 |a Management ve zdravotnictví  |c Ivan Gladkij a kolektiv 
264 1 |a Brno  |b Computer Press  |c 2003 
300 |a 380 s. 
490 1 |a Praxe manažera 
830 0 |a Praxe manažera 
610 2 0 |a zdravotníctvo 
610 2 0 |a manažment 
610 2 0 |a riadenie 
610 2 0 |a zdroje ľudské 
610 2 0 |a starostlivosť zdravotná 
610 2 0 |a zariadenia zdravotnícke 
610 2 0 |a marketing 
100 1 |a Gladkij, Ivan